天擇 : 猶太人的故事

資料類型: Book 圖書   書目號:41889

Leader xxxxxxxxxx
005 __ 20070515160200.0
008 __  chi
010 0_ |a9789570516951|b平裝|dNT$260
010 0_ |a957051695X|b平裝|dNT$260
090 __ |a(nbi)b32520396
100 __ |a20010118d2001    k  y0chib09      e
101 0_ |achi
102 __ |atw
105 __ |aa   a   000yd
200 1_ |a天擇|e猶太人的故事|f彭滂沱著
205 __ |a初版
210 __ |a臺北市|c臺灣商務|d2001[民90]
215 0_ |a258面|c|d21公分
225 __ |a|v
260 1_ |a2001
300 __ |a
320 __ |a參考書目: 面251-258
517 1_ |a猶太人的故事|zchi
606 __ |2csh|a猶太民族|x歷史
681 __ |a536.87|b8654
700 _1 |a|b滂沱|4
702 __ |a|b|4
801 _0 |atw|b臺北科大|c20060712|gCCR
詳細館藏(共 1 筆)
索 書 號登 錄 號冊次號館別 / 館藏地流通類型狀態加入預約清單電子資源
536.87 / 8654 2017744  圖書館 / 二樓普通區 可外借30天 在館   

| 條列資料




目錄查詢 分類查詢 個人資料 圖書薦購 新書查詢 閉館日 排行榜 更多電子資源 Hami書城 線上資料庫 登出

From : 216.73.217.14

  本日流通累計至 17:24:51 借閱 : 0 次 續借 : 0 次 歸還 : 0 次 預約 : 0 次 電子資源 : 0 次


內湖高中圖書館  PCLIS 版本  25.5.0.2